| 000 | 00830cam a2200253 a 4500 | ||
|---|---|---|---|
| 001 | 000017573 | ||
| 003 | UkOxU | ||
| 005 | 20200929165145.0 | ||
| 008 | 500101s1964 sp a b 000 0bspa d | ||
| 035 | _aOCLC ocm00708722 from D950123M | ||
| 040 |
_aDO-SdBNP _bspa _cKSU _dSER _dUKM _dEQO _dBNPHU |
||
| 082 |
_a923.144 _bA823d |
||
| 100 | 1 |
_aAshcroft, Edward. _938339 |
|
| 245 | 1 | 0 |
_aDe Gaulle / _cEdward Ashcroft ; traducción Rafael Vázquez Zamora. |
| 260 |
_aBarcelona : _bDestino, _c1964. |
||
| 300 |
_a326 p. : _bil. ; _c22 cm. |
||
| 500 | _aIncluye índice onomástico. | ||
| 504 | _aBibliografía: p. [315]-317. | ||
| 600 | 1 | 0 |
_aGaulle, Charles de, _d1890-1970 _938340 |
| 651 | 0 |
_aFrance _xHistory _y1945- _938341 |
|
| 700 | 1 |
_aVázquez Zamora, Rafael, _etr. _938342 |
|
| 910 | _aCatalogación por copia / LC | ||
| 049 | _aBNGR | ||
| 999 |
_c17098 _d17098 |
||